Statistics for Canada eveloution quiz 1867-2022

Click here to take the quiz!

General Stats

  • This quiz has been taken 4 times
  • The average score is 6 of 9

Answer Stats

HintAnswer% Correct
How many current Canadian provinces were there in 1867?4
100%
When did Nunavut become Canada's third territory?1999
75%
What was the 5th Canadian Provence to join canadaManitoba
75%
What was the 7th Canadian Provence to join confeteraition?Prince Edward island
75%
When did British colombia join federation1871
50%
When did the most districts in canada1897
50%
When was Saskatchewan and Alberta created?1905
50%
When did Ontario's borders to the current ones?1912
50%
when was Newfoundland's name changed to Newfoundland and Labrador2003
50%

Score Distribution

Percentile by Number Answered

Percent of People with Each Score

Your Score History

You have not taken this quiz